000
00257nam a2200109Ia 4500
008
230907s9999||||xx |||||||||||||| ||und||
082
_a
346.9407
_b
GIB
245
0
_a
Business law /
260
_a
Pearson,
_b
Melbourne :
_c
2016
300
_a
618 p.
942
_c
BK
999
_c
600183
_d
600183